| 000 | 00000nam##2200000za#4500 |
| 001 | 9.581462 |
| 003 | CaOODSP |
| 005 | 20210624191527 |
| 007 | cr ||||||||||| |
| 008 | 150406|2015||||xxc|||||o f|0| 0 eng|d |
| 020 | |a978-1-100-25668-9 |
| 022 | |a1488-5387 |
| 040 | |aCaOODSP|beng |
| 043 | |an-cn--- |
| 086 | 1 |aFs97-4/3057E-PDF |
| 110 | 1 |aCanada. |bDepartment of Fisheries and Oceans. |
| 245 | 12|aA multivariate approach to the identification of unionid glochidia with emphasis on Species at Risk in Southern Ontario / |h[electronic resource]|cby M.E.M. Tremblay, T.J. Morris and J.D. Ackerman. |
| 260 | |aBurlington - Ontario : |bFisheries and Oceans Canada |c2015. |
| 300 | |a60p.|bfigs., references, tables |
| 490 | 1 |aCanadian manuscript report of fisheries and aquatic sciences|x1488-5387|v3057 |
| 546 | |a(Résumé en français) |
| 590 | |a15-12|b2015-03-20 |
| 830 | #0|aCanadian manuscript report of fisheries and aquatic sciences,|x1488-5387|v3057|w(CaOODSP)9.505211 |
| 856 | 40|ahttp://publications.gc.ca|qPDF|s919 KB|uhttps://publications.gc.ca/collections/collection_2015/mpo-dfo/Fs97-4-3057-eng.pdf|y3057 |